| 000 | 01271nam a22003497a 4500 | ||
|---|---|---|---|
| 001 | 0043966 | ||
| 003 | KOHA_MİRAKIL | ||
| 005 | 20260207003408.0 | ||
| 007 | ta | ||
| 008 | 130730b2012 tu |||gr||||#||||0|tur | | ||
| 020 | _a9786053777175 | ||
| 040 |
_aTR-BiSEU _btur _cTR-BiSEU _erda |
||
| 041 | 0 | _atur | |
| 044 | _ctu | ||
| 050 |
_aHG4026 _b.Y55 2012 |
||
| 100 | 1 | _aYılmaz Türkmen, Sibel. | |
| 245 | 1 |
_aVarantlar/ _cSibel Yılmaz Türkmen ; Sibel Yılmaz Türkmen. |
|
| 264 | 1 |
_aİstanbul : _bBeta _c2012 |
|
| 300 |
_a134 sayfa ; _c24 cm |
||
| 336 |
_ametin _btxt _2rdacontent |
||
| 337 |
_aaracısız _bn _2rdamedia |
||
| 338 |
_acilt _bnc _2rdacarrier |
||
| 490 | 1 |
_aYayın No ; _v2693. |
|
| 490 | 1 |
_aİşletme-Ekonomi ; _v568. |
|
| 500 | _aKaynakça var. | ||
| 505 | _a1. Varant (Warrant) Tanımı ve Özellikleri 2. Varant Türleri 3. Çıkarımda Bulunanlar Açışından Varant Türleri 4. Varant Türevleri 5. Varantlarda Fiyatlandırma 6. Varantlar ve Opsiyonlar 7. Varantların Avantaj ve Dezavantajları 8. Yurt Dışı Varant Piyasası 9. Türkiye'de Varant Piyasası. | ||
| 650 | 0 |
_aVarant. _981963 |
|
| 650 | 0 |
_aWarrant. _981964 |
|
| 830 | 1 |
_aYayın No ; _v2693. _91861 |
|
| 830 | 1 |
_aİşletme-Ekonomi ; _v568. _92830 |
|
| 942 |
_2lcc _cBK |
||
| 999 |
_c43771 _d43771 |
||